| 000 | 00522cam a2200205ua 4500 | ||
|---|---|---|---|
| 020 | _c150.00 | ||
| 041 |
_aeng _h |
||
| 082 |
_a005.43 _bTHA/WO |
||
| 100 | _aThakker, Kaushal . | ||
| 245 |
_aWorking with Unix / _cKaushal Thakker. _hTextual Documents |
||
| 260 |
_aNew Delhi : _bB P B Publishers , _c1993. |
||
| 300 | _a523 ; . | ||
| 365 | _a150.00 | ||
| 504 | _a | ||
| 700 | 1 | _aDattani, Kiran . | |
| 700 | 1 | _aMalani, Ashish . | |
| 700 | 1 | _aMirchandeeni, Ramesh . | |
| 942 | _cBK | ||
| 999 |
_c9745 _d9745 |
||